000
00291nam a22001217a 4500
008
260423b |||||||| |||| 00| 0 eng d
082
_a
001050
100
_a
Narayanachar, K S
245
_a
Rajasuya Tanda Anartha
260
_a
Hubli
_b
Sahitya Prakashana
_c
2013
300
_a
416p
942
_2
ddc
999
_c
1290
_d
1290